Learning IBM Basic for the personal computer
| Main Author: | |
|---|---|
| Format: | Book |
| Published: |
Singapore :
Tech Publications ,
1989
|
| Subjects: |
MARC
| LEADER | 00000cam a2200000 7i4500 | ||
|---|---|---|---|
| 001 | 0000003861 | ||
| 002 | 000004161 | ||
| 005 | 20000330.0 | ||
| 020 | |a 9813091983 | ||
| 090 | 0 | 0 | |a 004 |b LIE |
| 100 | 1 | |a Lien, David | |
| 245 | 1 | 0 | |a Learning IBM Basic for the personal computer |c David A. Lien |
| 260 | |a Singapore : |b Tech Publications , |c 1989 | ||
| 300 | |a 496p. ; |c 22cm. | ||
| 650 | 0 | 0 | |a IBM BASIC |
| 999 | |a 037057 |b BUKU |c PINJAMAN |e PERPUSTAKAAN KOMUNITI PETALING JAYA | ||